[Event "Wch U10"]
[Site "Montesilvano"]
[Date "2024.11.26"]
[Round "11"]
[White "Mikkelsen, Anders Askjaer"]
[Black "Shrubok, Herman"]
[Result "1/2-1/2"]
[WhiteElo "1745"]
[BlackElo "1477"]
[PlyCount "73"]
[EventDate "2024.11.15"]
[EventType "swiss"]
[EventRounds "11"]
[EventCountry "ITA"]
[SourceTitle "CB48_2024"]
[SourceDate "2024.11.28"]
[SourceVersion "1"]
[SourceVersionDate "2024.11.28"]
[SourceQuality "1"]

1. e4 d6 2. d4 Nf6 3. Nc3 e5 4. dxe5 dxe5 5. Qxd8+ Kxd8 6. Bg5 Be6 7. 0-0-0+ Kc8 8. Nf3 Nbd7 9. Bd3 c6 10. Ne2 Bc5 11. Rhf1 a5 12. a3 b5 13. Nd2 h6 14. Bxf6 gxf6 15. f4 Nb6 16. f5 Bc4 17. Bxc4 Nxc4 18. Nxc4 bxc4 19. Rf3 Kc7 20. Nc3 Rhg8 21. g3 Rad8 22. Nb1 Rxd1+ 23. Kxd1 Bg1 24. Ke2 Rb8 25. b3 cxb3 26. Rxb3 Rd8 27. h3 Rd4 28. Nd2 Ra4 29. Kf3 Bc5 30. Nb1 Rc4 31. Rc3 Rxc3+ 32. Nxc3 Bxa3 33. Ke3 Bb2 34. Na4 Bd4+ 35. Kd3 c5 36. g4 Kc6 37. Kc4 1/2-1/2

[Event "Wch U10"]
[Site "Montesilvano"]
[Date "2024.11.22"]
[Round "7"]
[White "Gim, Hajin"]
[Black "Mikkelsen, Anders Askjaer"]
[Result "1-0"]
[WhiteElo "1603"]
[BlackElo "1745"]
[PlyCount "133"]
[EventDate "2024.11.15"]
[EventType "swiss"]
[EventRounds "11"]
[EventCountry "ITA"]
[SourceTitle "CB48_2024"]
[SourceDate "2024.11.28"]
[SourceVersion "1"]
[SourceVersionDate "2024.11.28"]
[SourceQuality "1"]

1. e4 e6 2. Nc3 d5 3. Nf3 d4 4. Ne2 c5 5. Ng3 Nc6 6. Bc4 a6 7. a4 Rb8 8. Qe2 Qa5 9. 0-0 Nge7 10. d3 b5 11. Bd2 Qc7 12. axb5 axb5 13. Bb3 Ng6 14. c3 Bd6 15. cxd4 cxd4 16. Rfc1 Bb7 17. Ng5 Nf4 18. Qf3 h6 19. Nxf7 Qxf7 20. Nf5 Bc7 21. Bxf4 Bxf4 22. Qxf4 0-0 23. Qg3 Kh8 24. Bxe6 Qf6 25. Bd5 Ne5 26. Bxb7 Rxb7 27. f4 Ng6 28. Rc5 Kh7 29. Rac1 Rb6 30. Rc7 Rf7 31. Rxf7 Qxf7 32. Nxd4 Nxf4 33. Qf3 Rg6 34. Rf1 Rf6 35. Nf5 Ne6 36. Qe2 Qf8 37. d4 g6 38. d5 gxf5 39. dxe6 Rxe6 40. Qxb5 Rxe4 41. Qxf5+ Qxf5 42. Rxf5 Rb4 43. Rf2 Kg6 44. g3 h5 45. Kg2 Rb3 46. Kf1 Kg5 47. Ke1 Rb8 48. Kd1 Kg4 49. Kc2 Rc8+ 50. Kb1 Rb8 51. Rf4+ Kg5 52. b4 Rb5 53. Kc2 Rb8 54. Kc3 Kg6 55. Rc4 Rb6 56. Rc5 Rb8 57. b5 Rb7 58. Kb4 Rb8 59. Rc6+ Kg5 60. b6 Kg4 61. Rc4+ Kf3 62. Kb5 Kg2 63. Rh4 Rh8 64. b7 Kf3 65. Kb6 Rh6+ 66. Ka7 Rh7 67. Ka8 1-0

[Event "Wch U10"]
[Site "Montesilvano"]
[Date "2024.11.17"]
[Round "3"]
[White "Meitzner, Jonathan Franz"]
[Black "Mikkelsen, Anders Askjaer"]
[Result "0-1"]
[WhiteElo "1876"]
[BlackElo "1745"]
[PlyCount "72"]
[EventDate "2024.11.15"]
[EventType "swiss"]
[EventRounds "11"]
[EventCountry "ITA"]
[SourceTitle "CB48_2024"]
[SourceDate "2024.11.28"]
[SourceVersion "1"]
[SourceVersionDate "2024.11.28"]
[SourceQuality "1"]

1. d4 Nf6 2. Nd2 e6 3. Ngf3 c5 4. e3 d5 5. Be2 Nc6 6. 0-0 Bd6 7. b3 0-0 8. Bb2 Re8 9. Ne5 Qc7 10. f4 Qb6 11. Ndf3 Nd7 12. Kh1 f6 13. Nd3 Ne7 14. Nh4 Qc7 15. Bg4 Nf8 16. Qe2 Bd7 17. Qf2 b5 18. f5 Bxh2 19. fxe6 Bxe6 20. Bxe6+ Nxe6 21. Nf5 c4 22. Nxe7+ Rxe7 23. Nb4 Rd8 24. Qf5 Qd6 25. Nxd5 Qxd5 26. Qxd5 Rxd5 27. Kxh2 Ng5 28. Rfe1 Ne4 29. Rab1 c3 30. Ba3 Red7 31. Bb4 Rh5+ 32. Kg1 Rdd5 33. Rbd1 Ng3 34. e4 Rdg5 35. d5 Rg4 36. d6 Rf4 0-1